Untersuchungen in der Isochinolinchemie : eine neue Synthese zur Darstellung von Isochinolinabkömmlingen durch acylierende Cyclisierg von Nitril-Halogenwasserstoff-Addukten /

Hlavní autor: Krämer, Wolfgang
Korporativní autor: Universität Stuttgart
Jazyk: Němčina
Vydáno: Stuttgart : W. Krämer, 1968
Fyzický popis: 132 s.
Knihy
Uloženo v:
LEADER 00793nam a22002172a 4500
001 001314488
003 CZ BrMZK
005 20130731144036.0
007 ta
008 130731s1968 gw er|||||||||||ger d
040 |a BOA001  |b cze 
100 1 |a Krämer, Wolfgang  |4 dis 
245 1 0 |a Untersuchungen in der Isochinolinchemie :  |b eine neue Synthese zur Darstellung von Isochinolinabkömmlingen durch acylierende Cyclisierg von Nitril-Halogenwasserstoff-Addukten /  |c Wolfgang Krämer 
260 |a Stuttgart :  |b W. Krämer,  |c 1968 
300 |a 132 s. 
502 |a Disertace--Universität Stuttgart, 1968 
710 2 |a Universität Stuttgart  |7 mzk2004216334 
910 |a BOA001  |b 2-0630.347 
990 |a BK 
991 |b 201307 
996 7 |b 2619638074  |c 2-0630.347  |l HP2  |r DEN  |n 0  |w 001349443  |u 000010  |a 1  |e BOA001  |j MZK50  |s A